Statystyki dla Dzielnice Włocławka

Kliknij tutaj aby rozwiązać quiz!

Ogólne statystyki

  • Ten quiz został rozwiązany 71 razy
  • Średni wynik to 5 z 10

Statystyki odpowiedzi

Odpowiedź% Poprawnych
Śródmieście
92%
Zazamcze
85%
Południe
81%
Michelin
69%
Zawiśle
63%
Rybnica
35%
Wschód Przemysłowy
21%
Zachód Przemysłowy
21%
Wschód Mieszkaniowy
19%
Wschód Leśny
15%

Rozkład punktacji

Percentyl według liczby udzielonych odpowiedzi

Procent ludzi z każdym wynikiem

Twoja historia wyników

Nie rozwiązałeś tego quizu